000 00642nam a22001937a 4500
005 20151013110016.0
008 151013b sp ||||| |||| 00| 0 spa d
020 _a8431319194
050 0 4 _aP94
_bD45 2001
245 0 0 _aDe la ética desprotegida :
_bensayos sobre deontología de la comunicación /
_ceditora Mónica Codina
250 _a1a ed.
260 _aPamplona :
_bEdiciones Universidad de Navarra,
_c2001
300 _a231 p. ;
_c24 cm.
490 0 _aColección Comunicación
504 _aBibliografía : p. 219-231
650 4 _aComunicación
_xAspectos morales y éticos
700 1 _aCodina, Mónica,
_eed.
942 _2lcc
_cLIB
999 _c104375
_d104375